1398 1645 1068 1267 1935 1844 1429 1899 1248 1344 1855 1155 1271 1032 1856 1972 1778 1661 1914 1018 1203 1693 1263 1384 1259 1976 1642 1413 1105 1721 1480 1213 1308 1104 1804 1069 1986 1639 1352 1760 1752 1725 1866 1306 1583 1932 1719 1321 1019 1247 1549 1830 1078 1784 1491 1041 1279 1636 1904 1115 1969 1550 1192 1714 1297 1034 1278 1381 1332 1787 1708 1064 1594 1132 1643 1983 1295 1299 1403 1699 1975 1546 1598 1609 1091 1752 1223 1787 1517 1313 1166 1771 1829 1949 1082 1933 1381 1309 1405 BCNSPRNW ULIB Ver.6.0+V

เปลี่ยนเป็นภาษาไทย

Change to English
 แสดงรายละเอียดบรรณานุกรม
  กลับหน้าหลัก

Brief Record : Get Marc (ISO 2709) : E-mail record : QR code < ปิดหน้าต่าง
LEADER : 00000nam 2200000uu 4500
001    13399124976
003     ULIB
008    160527s2556||||th 000 0 tha d
020    ^a9786162791765
060 04 ^aWG140^bP895
110 1  ^aมหาวิทยาลัยมหิดล. ^bคณะแพทยศาสตร์ศิริราชพยาบาล.^bภาควิชาอายุรศาสตร์. ^bสาขาวิชาหทัยวิทยา
245 00 ^aPractical electrocardiography. /^cบรรณาธิการ, ยงยุทธ สหัสกุล... [และคนอื่นๆ]
250    ^aพิมพ์ครั้งที่ 1
260    ^aกรุงเทพฯ :^bสาขาวิชาหทัยวิทยา ภาควิชาอายุรศาสตร์และศูนย์โรคหัวใจสมเด็จพระบรมราชินีนาถ คณะแพทยศาสตร์ศิริราชพยาบาลมหาวิทยาลัยมหิดล,^c2556
300    ^a406 หน้า :^bภาพประกอบ ;^c22 ซม.
500    ^aการพยาบาลผู้ใหญ่
505 0  ^aบทนำ -- ความรู้พื้นฐาน -- ห้องหัวใจโต -- โรคกล้ามเนื้อหัวใจขาดเลือด -- ภาวะหัวใจเต้นผิดจังหวะ -- ภาวะหัวใจเต้นผิดจังหวะจากตำแหน่งเหนือต่อเวนตริเกิล -- ภาวะหัวใจเต้นผิดจังหวะจากเวนตริเกิล -- ภาวะปิดกั้นการนำกระแสไฟฟ้าสู่เวนตริเกิล -- ความผิดปกติของคลื่นไฟฟ้าหัวใจในโรคและภาวะบางอย่าง
650  4 ^aการบันทึกคลื่นไฟฟ้าหัวใจ
650  4 ^aหัวใจ, โรค^xการวินิจฉัย
653    ^aผลงานอาจารย์คณะแพทยศาสตร์ศิริราชพยาบาล
700 0  ^aยงยุทธ สหัสกุล,^eบรรณาธิการ
710 2  ^aมหาวิทยาลัยมหิดล. ^bคณะแพทยศาสตร์ศิริราชพยาบาล.^bศูนย์โรคหัวใจสมเด็จพระบรมราชินีนาถ
945    ^p295^l0^i23653
945    ^p295^l0^i23654
945    ^p295^l0^i23655
999    ^aทศพร
รายการนี้ยังไม่มีแท็ก
คุณยังไม่ได้ล็อกอิน คุณสามารถมีกิจกรรมร่วมกับเว็บไซต์ได้ แต่ต้องล็อกอินก่อน ::
  ล็อกอิน

รายการสื่อสารสนเทศ

ลำดับที่ ประเภท เลขเรียก/บาร์โค้ด สถานที่ สถานะ
1. วิทยาศาสตร์การแพทย์ และสุขภาพ
หนังสือสำรอง
สถานะ=หนังสือสำรอง
WG140 P895 ฉ.1 
  Barcode: 23653
ห้องสมุดวิทยาเขตนครสวรรค์
►หนังสือทั่วไป:l:General Books
บนชั้น
2. วิทยาศาสตร์การแพทย์ และสุขภาพ
วิทยาศาสตร์การแพทย์ และสุขภาพ
WG140 P895 ฉ.2 
  Barcode: 23654
ห้องสมุดวิทยาเขตนครสวรรค์
►หนังสือทั่วไป:l:General Books
บนชั้น
3. วิทยาศาสตร์การแพทย์ และสุขภาพ
วิทยาศาสตร์การแพทย์ และสุขภาพ
WG140 P895 ฉ.3 
  Barcode: 23655
ห้องสมุดวิทยาเขตนครสวรรค์
►หนังสือทั่วไป:l:General Books
บนชั้น

รายการใกล้เคียง
    หัวเรื่อง [การบันทึกคลื่นไฟฟ้าหัวใจ]

BibComment


ยังไม่เคยถูกคอมเมนท์

คอมเมนท์ทรัพยากรรายการนี้
  คอมเมนท์: Practical electr..


 Copyright 2026. Bcnsprnw @Library